000
00219nam a22000977a 4500
082
_a
330.95491 PAK'I
245
_a
PAKISTAN ECONOMIC SURVEY 1968-69
260
_a
ISLAMABAD
_b
ECONOMIC
_c
1969
300
_a
136
942
_c
BK
999
_c
584822
_d
584822